[Event "Rasht Khazar op 15th"]
[Site "Rasht"]
[Date "2017.01.25"]
[Round "7"]
[White "Jamshidi, Amir Hossein"]
[Black "Asgarizadeh, Ahmad"]
[Result "1-0"]
[WhiteElo "2125"]
[BlackElo "2421"]
[PlyCount "73"]
[EventDate "2017.01.20"]
[EventType "swiss"]
[EventRounds "9"]
[EventCountry "IRI"]
[SourceTitle "CBM 176 Extra"]
[Source "ChessBase"]
[SourceDate "2017.03.02"]
[SourceVersion "1"]
[SourceVersionDate "2017.03.02"]
[SourceQuality "1"]

1. c4 e5 2. g3 Nf6 3. Bg2 c6 4. d4 e4 5. Nc3 d5 6. f3 exf3 7. Nxf3 Be7 8. cxd5 cxd5 9. 0-0 0-0 10. Ne5 Nc6 11. Nxc6 bxc6 12. e4 Be6 13. exd5 Nxd5 14. Nxd5 cxd5 15. Be3 a5 16. Rc1 a4 17. Qd2 Qb6 18. Rc2 Rfb8 19. Bf4 Rb7 20. Rfc1 h6 21. Qf2 Bf6 22. Rd2 Be7 23. Rdc2 Bf8 24. Be3 Qd8 25. Bf1 Rab8 26. Bf4 Bd6 27. Bxd6 Qxd6 28. Rd2 Rb4 29. Rcc2 Qb6 30. Bg2 g6 31. h4 h5 32. Qf6 Qa7 33. Qe5 Qd7 34. Rc7 Qd8 35. Rcc2 R8b5 36. Rf2 Qb6 37. Rc8+ 1-0

[Event "IRI-chT 15th"]
[Site "Tehran"]
[Date "2016.08.03"]
[Round "3.2"]
[White "Jamshidi, Amir Hossein"]
[Black "Mosadeghpour, Masoud"]
[Result "0-1"]
[WhiteElo "2128"]
[BlackElo "2437"]
[PlyCount "90"]
[EventDate "2016.08.02"]
[EventType "team-tourn"]
[EventRounds "11"]
[EventCountry "IRI"]
[SourceTitle "EXT 2017"]
[Source "ChessBase"]
[SourceDate "2016.10.25"]
[SourceVersion "1"]
[SourceVersionDate "2016.10.25"]
[SourceQuality "1"]
[WhiteTeam "Ahvaz Madrese Paeiz"]
[BlackTeam "Tabriz Shahdari"]
[WhiteTeamCountry "IRI"]
[BlackTeamCountry "IRI"]

1. c4 Nf6 2. g3 d5 3. cxd5 Nxd5 4. Bg2 c5 5. Nc3 Nc7 6. Qb3 Nc6 7. Bxc6+ bxc6 8. Qa4 Ne6 9. d3 g6 10. Nf3 Qb6 11. Ne5 Bg7 12. Nc4 Qb7 13. 0-0 Bd7 14. Be3 Nd4 15. Bxd4 cxd4 16. Ne4 0-0 17. Nc5 Qc7 18. Nxd7 Qxd7 19. Rac1 Rab8 20. Rc2 Rb5 21. Na3 Rb7 22. b3 Rc8 23. Rfc1 Bh6 24. f4 e5 25. Rxc6 Rd8 26. Qa5 Re8 27. Rc7 Qd8 28. Qa4 Rxc7 29. Rxc7 exf4 30. Qc4 Qf6 31. Rc8 Rxc8 32. Qxc8+ Kg7 33. Qg4 fxg3 34. Qxg3 Bf4 35. Qg2 h5 36. Nc4 h4 37. Qg4 g5 38. Kg2 Qa6 39. a4 Qb7+ 40. Qf3 Qxb3 41. Qe4 Qc3 42. Qd5 Qe1 43. Qxd4+ Kg8 44. Qe4 g4 45. h3 gxh3+ 0-1